000 01932nam0a2200313 4500
001 RU\NLR\bibl\5604
005 20260406051754.0
010 _a5-7831-0012-9
_9300
021 _aRU
_b98-7084
_9340
035 _a(NLR Aleph) 000005459
090 _a15462
_c15462
100 _a19980901d1987 |||y0rusy50 ca
101 0 _arus
102 _aRU
105 _a|||||||||||||
200 1 _aНовые технологические и технические решения при эксплуатации скважин штанговыми насосами
_eУчеб. пособие
_e[Для студентов спец. 0907 "Разраб. и эксплуатация нефт. и газовых месторождений", изучающих курсы "Скважин. добыча нефти" и "Борьба с осложнениями при добыче нефти"]
_fЛ.С. Каплан, М.М. Кабиров
_gМ-во общ. и проф. образования Рос. Федерации, Уфим. гос. нефт. техн. ун-т
210 _aУфа
_cИзд-во УГНТУ
_d1987
215 _a166 с.
_cил.
_d20
320 _aБиблиогр.: с. 162-163
606 0 _aНефть
_jРуководства, пособия и т. п. для высшей школы
_xДобыча глубокими насосами
_91371457
_3RU\NLR\auth\66260808
606 0 _aНефть
_jУчебные издания для высшей школы
_xДобыча глубокими насосами
_91371457
_3RU\NLR\auth\66260808
686 _aИ361.3я73-1
700 1 _4070
_8rus
_7ca
_aКаплан
_bЛ. С.
_gЛеонид Самуилович
_3RU\NLR\auth\776953
_9116899
701 1 _4070
_8rus
_7ca
_aКабиров
_bМ. М.
_gМинивалей Муллагалиевич
_3RU\NLR\auth\776954
_9116900
801 0 _aRU
_bNLR
_c19980901
_gPSBO
801 1 _aRU
_bNLR
_c19980901
852 _aNLR
_j98-3/3042
942 _cBOOK
980 _aNB